[Event "SE-2016-0-00223"]
[Site "LSS email"]
[Date "2016.03.11"]
[Round "?"]
[White "Gomez, Alberto"]
[Black "Obrien, Glenn"]
[Result "0-1"]
[WhiteElo "1287"]
[BlackElo "1399"]
[PlyCount "32"]
[EventDate "2016.01.25"]
[EventType "tourn (corr)"]
[EventRounds "6"]
[EventCountry "GER"]
[SourceTitle "Corr 2022"]
[Source "ChessBase"]
[SourceDate "2021.10.24"]
[SourceVersion "1"]
[SourceVersionDate "2021.10.24"]
[SourceQuality "1"]

1. d4 Nf6 2. c4 e6 3. g3 d5 4. Bg2 dxc4 5. Nf3 Nc6 6. Qa4 Bb4+ 7. Bd2 Nd5 8. Bxb4 Ndxb4 9. 0-0 Rb8 10. Nc3 a6 11. Ne5 0-0 12. Nxc6 Nxc6 13. Bxc6 bxc6 14. Qxc4 Qd6 15. a3 Rxb2 16. Na4 Rb5 0-1

[Event "SE-2016-0-00223"]
[Site "LSS email"]
[Date "2016.03.10"]
[Round "?"]
[White "Gomez, Alberto"]
[Black "De Booij, Marco"]
[Result "0-1"]
[WhiteElo "1287"]
[BlackElo "1120"]
[PlyCount "26"]
[EventDate "2016.01.25"]
[EventType "tourn (corr)"]
[EventRounds "6"]
[EventCountry "GER"]
[SourceTitle "Corr 2022"]
[Source "ChessBase"]
[SourceDate "2021.10.24"]
[SourceVersion "1"]
[SourceVersionDate "2021.10.24"]
[SourceQuality "1"]

1. Nf3 c5 2. c4 Nc6 3. g3 g6 4. Bg2 Bg7 5. 0-0 Nf6 6. Nc3 0-0 7. d4 cxd4 8. Nxd4 Qb6 9. Nc2 d6 10. b3 Bf5 11. Be3 Qd8 12. Nd4 Nxd4 13. Bxd4 Qd7 0-1

[Event "SE-2016-0-00223"]
[Site "LSS email"]
[Date "2016.03.10"]
[Round "?"]
[White "Van Helden, Rene"]
[Black "Gomez, Alberto"]
[Result "1-0"]
[WhiteElo "1731"]
[BlackElo "1287"]
[PlyCount "27"]
[EventDate "2016.01.25"]
[EventType "tourn (corr)"]
[EventRounds "6"]
[EventCountry "GER"]
[SourceTitle "Corr 2022"]
[Source "ChessBase"]
[SourceDate "2021.10.24"]
[SourceVersion "1"]
[SourceVersionDate "2021.10.24"]
[SourceQuality "1"]

1. e4 c6 2. d4 d5 3. e5 Bf5 4. Nf3 e6 5. Be2 Nd7 6. 0-0 Ne7 7. Nbd2 c5 8. c4 Nc6 9. cxd5 exd5 10. dxc5 Nxc5 11. Nb3 Ne4 12. Be3 Be7 13. Nfd4 Nxd4 14. Nxd4 1-0

[Event "RE-2012-0-00095"]
[Site "LSS email"]
[Date "2012.04.22"]
[Round "?"]
[White "Stadler, Pavel"]
[Black "Gomez, Alberto"]
[Result "1-0"]
[WhiteElo "1192"]
[BlackElo "1109"]
[PlyCount "39"]
[EventDate "2012.03.01"]
[EventType "tourn (corr)"]
[EventRounds "6"]
[EventCountry "GER"]
[SourceTitle "Corr 2015"]
[Source "ChessBase"]
[SourceDate "2015.07.17"]
[SourceVersion "1"]
[SourceVersionDate "2015.07.17"]
[SourceQuality "1"]

1. c4 g6 2. Nc3 Bg7 3. d4 d6 4. e4 Nf6 5. Be2 0-0 6. Be3 e5 7. Nf3 Ng4 8. Bg5 f6 9. Bh4 Qe8 10. h3 Nh6 11. 0-0 Nc6 12. d5 Ne7 13. b4 g5 14. Bg3 Nf7 15. Rc1 a5 16. a3 axb4 17. axb4 b6 18. Nb5 Qd8 19. c5 bxc5 20. bxc5 1-0

[Event "LSS No Engine Cup 64 Preliminary 5"]
[Site "LSS email"]
[Date "2012.04.21"]
[Round "?"]
[White "Gomez, Alberto"]
[Black "Fridich, Vaclav Sr"]
[Result "0-1"]
[WhiteElo "1110"]
[BlackElo "1012"]
[PlyCount "25"]
[EventDate "2012.04.22"]
[EventType "tourn (corr)"]
[EventRounds "6"]
[EventCountry "GER"]
[SourceTitle "Corr 2015"]
[Source "ChessBase"]
[SourceDate "2015.07.17"]
[SourceVersion "1"]
[SourceVersionDate "2015.07.17"]
[SourceQuality "1"]

1. Nf3 d5 2. d4 Nc6 3. c4 e6 4. Nc3 Nf6 5. Bg5 Be7 6. e3 h6 7. Bh4 Bb4 8. Qc2 Be7 9. Bd3 b6 10. a3 Ba6 11. Qa4 Bb7 12. Ne5 0-0 13. Nxc6 0-1

[Event "LSS No Engine Cup 64 Preliminary 5"]
[Site "LSS email"]
[Date "2012.04.21"]
[Round "?"]
[White "Zwaneveld, Ansel"]
[Black "Gomez, Alberto"]
[Result "1-0"]
[WhiteElo "1096"]
[BlackElo "1110"]
[PlyCount "31"]
[EventDate "2012.04.22"]
[EventType "tourn (corr)"]
[EventRounds "6"]
[EventCountry "GER"]
[SourceTitle "Corr 2015"]
[Source "ChessBase"]
[SourceDate "2015.07.17"]
[SourceVersion "1"]
[SourceVersionDate "2015.07.17"]
[SourceQuality "1"]

1. d4 g6 2. b3 Bg7 3. Bb2 c5 4. e3 Nc6 5. Nf3 Nh6 6. Be2 0-0 7. 0-0 d5 8. c3 Qd6 9. Qc2 Bf5 10. Bd3 cxd4 11. cxd4 Nb4 12. Bxf5 Nxc2 13. Bxc2 Rfc8 14. Bd3 Rc7 15. Nc3 a6 16. Rad1 1-0

[Event "ZL-2012-0-01131"]
[Site "LSS email"]
[Date "2012.04.11"]
[Round "?"]
[White "Gomez, Alberto"]
[Black "Albesa, Alfredo Ricardo"]
[Result "0-1"]
[WhiteElo "1109"]
[BlackElo "1102"]
[PlyCount "22"]
[EventDate "2012.04.05"]
[EventType "match (corr)"]
[EventRounds "2"]
[EventCountry "GER"]
[SourceTitle "Corr 2015"]
[Source "ChessBase"]
[SourceDate "2015.07.17"]
[SourceVersion "1"]
[SourceVersionDate "2015.07.17"]
[SourceQuality "1"]

1. Nf3 Nf6 2. c4 g6 3. g3 Bg7 4. Bg2 d5 5. cxd5 Nxd5 6. Nc3 c5 7. 0-0 Nc6 8. Nxd5 Qxd5 9. d3 0-0 10. Qa4 Bd7 11. Qh4 Qf5 0-1

[Event "RE-2011-0-00085"]
[Site "LSS email"]
[Date "2012.01.10"]
[Round "?"]
[White "Gomez, Alberto"]
[Black "Tittarelli, Adriano"]
[Result "1-0"]
[WhiteElo "1256"]
[BlackElo "1058"]
[PlyCount "47"]
[EventDate "2011.12.18"]
[EventType "tourn (corr)"]
[EventRounds "6"]
[EventCountry "GER"]
[SourceTitle "Telechess CBM 157"]
[Source "ChessBase"]
[SourceDate "2013.11.12"]
[SourceVersion "1"]
[SourceVersionDate "2013.11.12"]
[SourceQuality "1"]

1. Nf3 g6 2. g3 Bg7 3. Bg2 c6 4. 0-0 d6 5. c4 Bg4 6. Nc3 e6 7. Ne1 e5 8. d3 Ne7 9. Qb3 Qc7 10. h3 Be6 11. Bd2 Nd7 12. Qa3 0-0 13. Nf3 f5 14. Ng5 Bf7 15. Nxf7 Rxf7 16. b4 Nf6 17. Bg5 Ne8 18. b5 Bf6 19. Be3 c5 20. Nd5 Qd8 21. Nxf6+ Nxf6 22. Bxb7 Nh5 23. Bg5 Qc7 24. Bxa8 1-0

[Event "RE-2011-0-00085"]
[Site "LSS email"]
[Date "2012.01.10"]
[Round "?"]
[White "Loktayev, Vladislav"]
[Black "Gomez, Alberto"]
[Result "1-0"]
[WhiteElo "1337"]
[BlackElo "1256"]
[PlyCount "51"]
[EventDate "2011.12.18"]
[EventType "tourn (corr)"]
[EventRounds "6"]
[EventCountry "GER"]
[SourceTitle "Telechess CBM 157"]
[Source "ChessBase"]
[SourceDate "2013.11.12"]
[SourceVersion "1"]
[SourceVersionDate "2013.11.12"]
[SourceQuality "1"]

1. e4 g6 2. d4 Bg7 3. Nc3 d6 4. Be3 c6 5. f3 Nd7 6. Bd3 Ngf6 7. Nge2 b5 8. 0-0 Bb7 9. a3 0-0 10. Qe1 Qc7 11. Qh4 a6 12. Nf4 e5 13. dxe5 dxe5 14. Nh3 c5 15. Rad1 Nb6 16. Qf2 Nfd7 17. Be2 Rae8 18. Nd5 Nxd5 19. exd5 Qd6 20. Ng5 Rc8 21. Ne4 Qc7 22. c4 f5 23. Ng5 Qd6 24. cxb5 axb5 25. Bxb5 Bxd5 26. Qh4 1-0

[Event "SE-2011-0-00084"]
[Site "LSS email"]
[Date "2011.09.21"]
[Round "?"]
[White "Gomez, Alberto"]
[Black "Grimm, Wolfgang"]
[Result "1/2-1/2"]
[WhiteElo "1284"]
[BlackElo "1300"]
[PlyCount "57"]
[EventDate "2011.08.10"]
[EventType "tourn (corr)"]
[EventRounds "6"]
[EventCountry "GER"]
[SourceTitle "Telechess CBM 157"]
[Source "ChessBase"]
[SourceDate "2013.11.12"]
[SourceVersion "1"]
[SourceVersionDate "2013.11.12"]
[SourceQuality "1"]

1. Nf3 Nc6 2. c4 Nf6 3. d4 e6 4. g3 d5 5. Bg2 Bb4+ 6. Bd2 0-0 7. 0-0 Be7 8. Qb3 Ne4 9. Be1 f5 10. e3 b6 11. Qa4 Qd7 12. cxd5 exd5 13. Nc3 a5 14. Bd2 Ba6 15. Rfc1 Bc4 16. Qd1 Qe6 17. Be1 Rad8 18. b3 Ba6 19. Ne2 Ba3 20. Nf4 Qd6 21. Rc2 Bb4 22. Rac1 Bxe1 23. Nxe1 Bb7 24. h4 Rf7 25. Ned3 Re8 26. a4 Ree7 27. Qe1 Re8 28. Bf1 Ree7 29. Bg2 1/2-1/2

[Event "SE-2011-0-00084"]
[Site "LSS email"]
[Date "2011.09.21"]
[Round "?"]
[White "Gomez, Alberto"]
[Black "Mityaev, Sergey Petrovich"]
[Result "0-1"]
[WhiteElo "1284"]
[BlackElo "1781"]
[PlyCount "74"]
[EventDate "2011.08.10"]
[EventType "tourn (corr)"]
[EventRounds "6"]
[EventCountry "GER"]
[SourceTitle "Telechess CBM 157"]
[Source "ChessBase"]
[SourceDate "2013.11.12"]
[SourceVersion "1"]
[SourceVersionDate "2013.11.12"]
[SourceQuality "1"]

1. Nf3 c5 2. c4 Nf6 3. Nc3 g6 4. g3 Bg7 5. Bg2 0-0 6. 0-0 Nc6 7. d4 cxd4 8. Nxd4 Qb6 9. Nc2 d6 10. b3 Qa5 11. Bd2 Qh5 12. e4 Bg4 13. f3 Bh3 14. Ne2 Bd7 15. Nf4 Qc5+ 16. Be3 Qa5 17. Bd2 Qa6 18. Nd5 Nxd5 19. exd5 Nd4 20. Nxd4 Bxd4+ 21. Kh1 Rfe8 22. a4 Bxa1 23. Qxa1 Qb6 24. Qc3 Qc7 25. Qd4 a6 26. a5 Rab8 27. Bc3 f6 28. g4 b5 29. g5 Qc5 30. Qf4 bxc4 31. bxc4 fxg5 32. Qxg5 e5 33. f4 Qxc4 34. Ba1 Rf8 35. Kg1 Rxf4 36. Re1 Qc2 37. h3 Qf2+ 0-1

[Event "SE-2011-0-00084"]
[Site "LSS email"]
[Date "2011.09.21"]
[Round "?"]
[White "Varas, Pablo"]
[Black "Gomez, Alberto"]
[Result "0-1"]
[WhiteElo "924"]
[BlackElo "1284"]
[PlyCount "53"]
[EventDate "2011.08.10"]
[EventType "tourn (corr)"]
[EventRounds "6"]
[EventCountry "GER"]
[SourceTitle "Telechess CBM 157"]
[Source "ChessBase"]
[SourceDate "2013.11.12"]
[SourceVersion "1"]
[SourceVersionDate "2013.11.12"]
[SourceQuality "1"]

1. d4 Nf6 2. c4 g6 3. Nc3 Bg7 4. e4 d6 5. Nf3 0-0 6. Be2 e5 7. dxe5 dxe5 8. Qxd8 Rxd8 9. Bg5 c6 10. Nxe5 Re8 11. 0-0-0 Na6 12. f4 Be6 13. Bh4 Nc5 14. Bf3 h6 15. Bf2 Ncd7 16. Nxd7 Nxd7 17. Kc2 Nf6 18. e5 Nh7 19. Ne4 Red8 20. b3 g5 21. Nd6 gxf4 22. Nxb7 Bf5+ 23. Kc1 Rxd1+ 24. Rxd1 Bxe5 25. Bxc6 Bg6 26. Rd5 f6 27. Rd7 0-1

[Event "LSS OP-2009-0-00733"]
[Site "LSS email"]
[Date "2009.01.29"]
[Round "?"]
[White "Gomez, Alberto"]
[Black "Tajti, Sandor"]
[Result "0-1"]
[WhiteElo "1275"]
[BlackElo "2334"]
[PlyCount "42"]
[EventDate "2009.01.27"]
[EventType "tourn (corr)"]
[EventRounds "4"]
[EventCountry "GER"]
[SourceTitle "Corr 2011"]
[Source "ChessBase"]
[SourceDate "2010.08.31"]
[SourceVersion "1"]
[SourceVersionDate "2010.08.31"]
[SourceQuality "1"]

1. d4 g6 2. c4 Bg7 3. e4 d6 4. Nc3 Nf6 5. Nf3 0-0 6. Be2 e5 7. Be3 Nbd7 8. 0-0 Re8 9. d5 Nh5 10. g3 Bf8 11. Ne1 Ng7 12. Nd3 f5 13. f3 a5 14. Qd2 Be7 15. b3 c5 16. dxc6 bxc6 17. Rad1 Bb7 18. Na4 Ne6 19. Qc3 c5 20. Nf2 f4 21. Bc1 Nd4 0-1

[Event "LSS OP-2009-0-00733"]
[Site "LSS email"]
[Date "2009.01.29"]
[Round "?"]
[White "Gomez, Alberto"]
[Black "Turoczi, Peter"]
[Result "1/2-1/2"]
[WhiteElo "1292"]
[BlackElo "1783"]
[PlyCount "26"]
[EventDate "2009.01.27"]
[EventType "tourn (corr)"]
[EventRounds "4"]
[EventCountry "GER"]
[SourceTitle "Corr 2013"]
[Source "ChessBase"]
[SourceDate "2012.11.12"]
[SourceVersion "1"]
[SourceVersionDate "2012.11.12"]
[SourceQuality "1"]

1. d4 Nf6 2. c4 e6 3. Nf3 b6 4. g3 Bb7 5. Bg2 Be7 6. 0-0 0-0 7. Nc3 Ne4 8. Nxe4 Bxe4 9. Ne1 Bxg2 10. Nxg2 Nc6 11. d5 Ne5 12. b3 c6 13. Bb2 Bf6 1/2-1/2

[Event "LSS OP-2009-0-00725"]
[Site "LSS email"]
[Date "2009.01.22"]
[Round "?"]
[White "Wood, Brian B"]
[Black "Gomez, Alberto"]
[Result "0-1"]
[WhiteElo "1400"]
[BlackElo "1262"]
[PlyCount "24"]
[EventDate "2009.01.20"]
[EventType "tourn (corr)"]
[EventRounds "4"]
[EventCountry "GER"]
[SourceTitle "Corr 2015"]
[Source "ChessBase"]
[SourceDate "2015.07.17"]
[SourceVersion "1"]
[SourceVersionDate "2015.07.17"]
[SourceQuality "1"]

1. d4 Nf6 2. c4 e6 3. g3 d5 4. Bg2 Be7 5. Nf3 0-0 6. 0-0 c5 7. cxd5 exd5 8. Nc3 Nc6 9. Bf4 Re8 10. Re1 cxd4 11. Nxd4 Bg4 12. Nxc6 bxc6 0-1

[Event "LSS RE-2008-0-00016"]
[Site "LSS email"]
[Date "2008.12.29"]
[Round "?"]
[White "Gomez, Alberto"]
[Black "Trevis, Robert R"]
[Result "1-0"]
[WhiteElo "1220"]
[BlackElo "1039"]
[PlyCount "53"]
[EventDate "2008.12.05"]
[EventType "tourn (corr)"]
[EventRounds "6"]
[EventCountry "GER"]
[SourceTitle "Corr 2011"]
[Source "ChessBase"]
[SourceDate "2010.08.31"]
[SourceVersion "1"]
[SourceVersionDate "2010.08.31"]
[SourceQuality "1"]

1. d4 Nf6 2. c4 c6 3. Nc3 d5 4. Nf3 dxc4 5. a4 Bf5 6. Ne5 Nbd7 7. Nxc4 Qc7 8. g3 e5 9. dxe5 Nxe5 10. Bf4 Rd8 11. Qc1 Bd6 12. Nxd6+ Qxd6 13. Bg2 0-0 14. a5 Rfe8 15. 0-0 Qb4 16. a6 b5 17. Bg5 Re6 18. Bxf6 Rxf6 19. Qe3 Nc4 20. Qxa7 Qxb2 21. Qc7 Re8 22. Bxc6 Rc8 23. Rfd1 Rd6 24. Qe7 Qxc3 25. a7 Rxd1+ 26. Rxd1 Qa5 27. a8Q 1-0

[Event "LSS RE-2008-0-00014"]
[Site "LSS email"]
[Date "2008.12.04"]
[Round "?"]
[White "Bruce, Earle"]
[Black "Gomez, Alberto"]
[Result "0-1"]
[WhiteElo "1245"]
[BlackElo "1204"]
[PlyCount "74"]
[EventDate "2008.11.16"]
[EventType "tourn (corr)"]
[EventRounds "6"]
[EventCountry "GER"]
[SourceTitle "Corr 2011"]
[Source "ChessBase"]
[SourceDate "2010.08.31"]
[SourceVersion "1"]
[SourceVersionDate "2010.08.31"]
[SourceQuality "1"]

1. e4 e5 2. Nf3 Nc6 3. d4 exd4 4. Nxd4 Bc5 5. Be3 Qf6 6. c3 Qg6 7. f3 Nge7 8. Nc2 Bb6 9. Bxb6 axb6 10. Ne3 0-0 11. Bc4 Ne5 12. Bb3 d6 13. Qe2 Be6 14. Nd2 Bxb3 15. Nxb3 d5 16. f4 Nc4 17. Nxc4 dxc4 18. Nd4 Ra4 19. 0-0 c5 20. Nb5 Qc6 21. Na3 b5 22. Nc2 Rfa8 23. a3 Qb6 24. Ne3 b4 25. Nd5 Nxd5 26. exd5 bxc3 27. bxc3 Qb3 28. d6 Qxc3 29. Rfd1 Qf6 30. d7 Kf8 31. Qe4 b6 32. Qb7 Rd8 33. Qe4 Ra7 34. Qxh7 g6 35. Qh3 Raxd7 36. Re1 Qd4+ 37. Kh1 Qxa1 0-1

[Event "LSS RE-2008-0-00011"]
[Site "LSS email"]
[Date "2008.09.13"]
[Round "?"]
[White "Agustin, Santos Etxepare"]
[Black "Gomez, Alberto"]
[Result "1-0"]
[WhiteElo "1272"]
[BlackElo "1231"]
[PlyCount "43"]
[EventDate "2008.09.04"]
[EventType "tourn (corr)"]
[EventRounds "6"]
[EventCountry "GER"]
[SourceTitle "Corr 2022"]
[Source "ChessBase"]
[SourceDate "2021.10.24"]
[SourceVersion "1"]
[SourceVersionDate "2021.10.24"]
[SourceQuality "1"]

1. d4 Nf6 2. Nf3 e6 3. c4 Bb4+ 4. Bd2 Qe7 5. g3 b6 6. Bg2 Bb7 7. 0-0 Bxd2 8. Qxd2 0-0 9. Nc3 Ne4 10. Nxe4 Bxe4 11. Rac1 d6 12. Qe3 f5 13. Bh3 Nd7 14. Ng5 Rf6 15. d5 Re8 16. f3 h6 17. Nxe6 Rxe6 18. dxe6 Bc6 19. Bxf5 Qf6 20. Qf4 Ne5 21. Bh3 Qe7 22. Qd2 1-0

[Event "LSS RE-2008-0-00011"]
[Site "LSS email"]
[Date "2008.09.12"]
[Round "?"]
[White "Slavin, Pablo"]
[Black "Gomez, Alberto"]
[Result "1-0"]
[WhiteElo "1094"]
[BlackElo "1262"]
[PlyCount "45"]
[EventDate "2008.09.04"]
[EventType "tourn (corr)"]
[EventRounds "6"]
[EventCountry "GER"]
[SourceTitle "Corr 2013"]
[Source "ChessBase"]
[SourceDate "2012.11.12"]
[SourceVersion "1"]
[SourceVersionDate "2012.11.12"]
[SourceQuality "1"]

1. e4 Nf6 2. e5 Nd5 3. d4 d6 4. Nf3 dxe5 5. Nxe5 g6 6. c4 Nb6 7. Be2 Bg7 8. 0-0 0-0 9. Nc3 c5 10. dxc5 Bxe5 11. cxb6 axb6 12. Qxd8 Rxd8 13. Nd5 Nd7 14. Nxe7+ Kf8 15. Nxc8 Rdxc8 16. a3 Nc5 17. Rb1 Nb3 18. Be3 Nd4 19. Bd3 Re8 20. Rfe1 Rad8 21. Be4 Bxh2+ 22. Kxh2 Rxe4 23. Bh6+ 1-0

[Event "LSS RE-2008-0-00006"]
[Site "LSS email"]
[Date "2008.06.17"]
[Round "?"]
[White "Ausan, Leo Tito Jr"]
[Black "Gomez, Alberto"]
[Result "1-0"]
[WhiteElo "1355"]
[BlackElo "1206"]
[PlyCount "67"]
[EventDate "2008.05.18"]
[EventType "tourn (corr)"]
[EventRounds "6"]
[EventCountry "GER"]
[SourceTitle "Corr 2011"]
[Source "ChessBase"]
[SourceDate "2010.08.31"]
[SourceVersion "1"]
[SourceVersionDate "2010.08.31"]
[SourceQuality "1"]

1. e4 e5 2. Nf3 Nc6 3. Bb5 Nf6 4. 0-0 Nxe4 5. d4 Nd6 6. dxe5 Nxb5 7. a4 Nbd4 8. Nxd4 Nxd4 9. Qxd4 d5 10. Nc3 c6 11. Bf4 Be6 12. Rad1 Be7 13. Qe3 g5 14. Bg3 h5 15. h3 h4 16. Bh2 Qa5 17. Kh1 0-0-0 18. f3 Qb6 19. Qd3 a5 20. Bg1 Qa6 21. Qxa6 bxa6 22. Bb6 Rde8 23. Bxa5 Bf5 24. Rd2 Bf8 25. Re1 Bg7 26. Rde2 Re6 27. Bb6 Rhe8 28. Bd4 Bf8 29. Nd1 f6 30. Nf2 c5 31. Bc3 d4 32. Bd2 Bxc2 33. Ng4 Bd3 34. Rf2 1-0